Państwa według opisu z Wikipedii #1 - Statystyki

Ogólne statystyki
  • Ten quiz został rozwiązany 4 596 razy
  • Średni wynik to 12 z 20
Statystyki odpowiedzi
Podpowiedź Odpowiedź % Poprawnych
Leży na wschód od Australii, za Morzem Tasmana Nowa Zelandia
92%
Oficjalna nazwa to Republika Hellady Grecja
82%
Region między rzekami Tygrys i Eufrat, jest historycznie znana jako Mezopotamia Irak
81%
W drugiej połowie 20 wieku rosnęło napięcie między niderlandzkojęzycznymi a francuskojęzycznymi mieszkańcami Belgia
76%
Zjednoczyły się 3 października 1990r. Niemcy
76%
Sprzecza się przynależności Falklandów (po hiszpańsku: Islas Malvinas) Argentyna
73%
Walczyła ze Związkiem Radzieckim w "wojnie zimowej" w latach 1939-1940 Finlandia
71%
Górzysta i gęsto zalesiona na północnym-wschodzie, gdzie leży Kilimandżaro Tanzania
66%
Często nazywana "Gigantem Afryki", ze względu na swoją liczną populację i dużą ekonomię Nigeria
65%
Jest państwem kościelnym lub kapłańsko-monarchicznym (rodzaj teokracji) Watykan
65%
Królestwo Kush było starożytnym państwem nubijskim skupionym u zbiegu rzek - Nil Błękitny i Nil Biały Sudan
63%
Archipelag był zamieszkany przez Homo erectus, znany jako "Java Man",między 1,5 miliona a 35 tysięcy lat temu Indonezja
62%
Kieruje się polityką Songun, albo "po pierwsze armia" Korea Północna
59%
Jest dziewiątym największym i największym państwem śródlądowym na świecie Kazachstan
57%
Ma roszczenia terytorialne wobec terytorium Gujany na zachód od rzeki Essequibo Wenezuela
57%
Syngaleski: ශ්‍රී ලංකා; tamilski: இலங்கை Sri Lanka
33%
Ma największe zbiorowisko słoni afrykańskich na świecie Botswana
29%
Jedyne państwo na świecie, które powstało w wyniku udanego buntu niewolników Haiti
27%
Trzy stabilne królestwa powstały tutaj na końcu epoki brązu: Ammon, Moab i Idumea Jordania
19%
Klęska głodu w latach 1983-1985 wpłynęła negatywnie na około osiem milionów ludzi, powodując milion śmierci Etiopia
17%
Nie znaleziono quizów pasujących do podanych kryteriów
Rozkład punktacji
Procent ludzi z każdym wynikiem
Percentyl według liczby udzielonych odpowiedzi
Twoja historia wyników
Nie rozwiązałeś tego quizu